Ecology and Conservation Biology (Record no. 227307)
[ view plain ]
| 000 -LEADER | |
|---|---|
| fixed length control field | 00900nam a22003017a 4500 |
| 005 - DATE AND TIME OF LATEST TRANSACTION | |
| control field | 20230515143330.0 |
| 008 - FIXED-LENGTH DATA ELEMENTS--GENERAL INFORMATION | |
| fixed length control field | 230515b ||||| |||| 00| 0 eng d |
| 040 ## - CATALOGING SOURCE | |
| Transcribing agency | AL |
| 041 ## - LANGUAGE CODE | |
| Language code of text/sound track or separate title | English |
| 082 ## - DEWEY DECIMAL CLASSIFICATION NUMBER | |
| Edition number | 23 |
| Classification number | 574.5 |
| Item number | VINE |
| 100 ## - MAIN ENTRY--PERSONAL NAME | |
| Personal name | Vinayaka K S and others |
| 100 ## - MAIN ENTRY--PERSONAL NAME | |
| 9 (RLIN) | 104222 |
| 245 ## - TITLE STATEMENT | |
| Title | Ecology and Conservation Biology |
| 260 ## - PUBLICATION, DISTRIBUTION, ETC. | |
| Place of publication, distribution, etc. | Mangalore |
| Name of publisher, distributor, etc. | United Agencies |
| Date of publication, distribution, etc. | 2023 |
| 300 ## - PHYSICAL DESCRIPTION | |
| Extent | 226 p. |
| Other physical details | PB |
| Dimensions | 21x13.5 cm. |
| 365 ## - TRADE PRICE | |
| Price type code | 995 |
| Price amount | ₹160.00 |
| Currency code | ₹ |
| Unit of pricing | ₹200.00 |
| Price note | 20% |
| Price effective from | 09-05-2023 |
| 650 ## - SUBJECT ADDED ENTRY--TOPICAL TERM | |
| Topical term or geographic name entry element | NEP |
| 9 (RLIN) | 104223 |
| 650 ## - SUBJECT ADDED ENTRY--TOPICAL TERM | |
| Topical term or geographic name entry element | IV SEM B.Sc |
| 9 (RLIN) | 104224 |
| 650 ## - SUBJECT ADDED ENTRY--TOPICAL TERM | |
| Topical term or geographic name entry element | Ecosystem |
| 9 (RLIN) | 104225 |
| 650 ## - SUBJECT ADDED ENTRY--TOPICAL TERM | |
| Topical term or geographic name entry element | Phytogeography |
| 9 (RLIN) | 104226 |
| 650 ## - SUBJECT ADDED ENTRY--TOPICAL TERM | |
| Topical term or geographic name entry element | Environmental Issues |
| 9 (RLIN) | 104227 |
| 650 ## - SUBJECT ADDED ENTRY--TOPICAL TERM | |
| Topical term or geographic name entry element | Biodiversity |
| 9 (RLIN) | 104228 |
| 650 ## - SUBJECT ADDED ENTRY--TOPICAL TERM | |
| Topical term or geographic name entry element | Conservation |
| 9 (RLIN) | 104229 |
| 700 ## - ADDED ENTRY--PERSONAL NAME | |
| Personal name | VINAYAKA (K S) |
| 9 (RLIN) | 104230 |
| 700 ## - ADDED ENTRY--PERSONAL NAME | |
| Personal name | DHARMENDRA |
| 9 (RLIN) | 104231 |
| 700 ## - ADDED ENTRY--PERSONAL NAME | |
| Personal name | PATIL (Rahul R) |
| 9 (RLIN) | 104232 |
| 700 ## - ADDED ENTRY--PERSONAL NAME | |
| Personal name | CHANNABASAVA (A) |
| 9 (RLIN) | 104233 |
| 942 ## - ADDED ENTRY ELEMENTS (KOHA) | |
| Source of classification or shelving scheme | Dewey Decimal Classification |
| Koha item type | Book |
| Withdrawn status | Lost status | Source of classification or shelving scheme | Damaged status | Not for loan | Collection code | Home library | Current library | Date acquired | Source of acquisition | Cost, normal purchase price | Total Checkouts | Full call number | Barcode | Date last seen | Date last checked out | Cost, replacement price | Price effective from | Koha item type |
|---|---|---|---|---|---|---|---|---|---|---|---|---|---|---|---|---|---|---|
| Dewey Decimal Classification | Botany | St Aloysius Library | St Aloysius Library | 04/15/2023 | Biblios Book Point Surathkal Mangalore 575014 | 160.00 | 2 | 574.5 VINE | 076514 | 03/28/2024 | 03/21/2024 | 200.00 | 05/15/2023 | Book | ||||
| Dewey Decimal Classification | Botany | St Aloysius Library | St Aloysius Library | 04/15/2023 | Biblios Book Point Surathkal Mangalore 575014 | 160.00 | 574.5 VINE | 076515 | 05/15/2023 | 200.00 | 05/15/2023 | Book |